| 000 | 00357 a2200157 4500 | ||
|---|---|---|---|
| 001 | 74091 | ||
| 020 | _a8526219316 | ||
| 040 | _cAnchieta - Colégio São Paulo | ||
| 240 | 1 | 0 |
_aTerceira viagem de Colombo _lpor |
| 245 | 1 | 0 | _aTerceira viagem de Colombo |
| 300 | _a47 | ||
| 362 | 0 | _a1992 | |
| 440 | 1 | _aScipione | |
| 650 | 4 | _aHistória do mundo | |
| 942 | _cBK | ||
| 999 |
_c74091 _d74091 |
||